000
00256ngm a2200109Ia 4500
005
20251221004151.0
008
251220s1900||||xx ||| | || ||spa||
082
_a
858.9/T42
100
_a
"Testori, Giovanni"
245
0
_a
El puente de la Ghisolfa
942
_c
CD
999
_c
479
_d
479